000 00189 a2200097 4500
020 _a9789684940529
041 _aeng
100 _aCross Elsa
245 _aEl himno de las ranas
942 _cBK
999 _c11383
_d11383